Mendekati seni : penulisan kreatif

Bibliographic Details
Main Author: Lim, Swee Tin
Format: Book
Published: Selangor : Citra Kurnia Enterprise , 2008
Subjects:

MARC

LEADER 00000cam a2200000 7i4500
001 0000022044
005 20091210.0
008 080724
020 |a 9834328399 
090 0 0 |a SWE   |b MAL 
100 1 |a Lim, Swee Tin 
245 1 0 |a Mendekati seni :   |b penulisan kreatif   |c Lim Swee Tin 
260 |a Selangor :   |b Citra Kurnia Enterprise ,   |c 2008 
650 0 |a Authorship 
650 0 |a Creative writing 
650 0 |a Malay fiction 
999 |a 0001035710   |b Book   |c Adult Collection   |e Perbadanan Perpustakaan Awam Johor 
999 |a 0001035711   |b Book   |c Adult Collection   |e Perbadanan Perpustakaan Awam Johor